000
00233 a2200121 4500
020
_a
076783003507
041
_a
eng
100
_a
L'Amour, Louis
245
_a
Heller with a gun
942
_c
BK
999
_c
30003
_d
30001
999
_d
30001
999
_d
30001